| 000 | 01653cam a22004214i 4500 | ||
|---|---|---|---|
| 003 | PE-LiUPU | ||
| 005 | 20250731173243.0 | ||
| 008 | 150625s r 000 0 d | ||
| 035 | _a(Sirsi) a35379 | ||
| 040 |
_aPE-LiUPU _bspa _cPE-LiUPU _erda |
||
| 082 | 0 | 4 |
_a238 _bL41 _221 |
| 100 | 1 |
_aLehmann, Johannes, _eautor. |
|
| 245 | 1 | 1 |
_a¿Esta enferma la Fe? : _blos creyentes, signo o antisigno de la fe / _cJohannes Lehmann. |
| 264 | 1 |
_aSalamanca : _bEdiciones sígueme, _c1967. |
|
| 300 |
_a150 páginas ; _c17 cm. |
||
| 336 |
_atext _2rdacontent |
||
| 337 |
_aunmediated _2rdamedia |
||
| 338 |
_avolume _2rdacarrier |
||
| 505 | 0 | _aUna fe desacreditada: ¿fachada o sólida fortaleza?. Una superstición inconsciente. La fe en la moral. La fe en el rito. La fe en el detalle. La fe en lo estético. El deseo de satisfacción. El deseo de saber. El deseo de protección. El deseo de protección. -La fe digna de crédito: la fé como vivencia, vida, creencia. Fe-iglesia-hombre. | |
| 526 | _aSEG42 | ||
| 526 | _aSEG41 | ||
| 526 | _aSEG40 | ||
| 526 | _aSEG39 | ||
| 526 | _aP94 | ||
| 526 | _aP87 | ||
| 526 | _aP86 | ||
| 526 | _aP85 | ||
| 526 | _aP77 | ||
| 526 | _aP76 | ||
| 526 | _aP35 | ||
| 650 | 0 | 4 |
_aFe. _93098 |
| 910 | _a | ||
| 942 |
_2ddc _cBOOK |
||
| 949 |
_a238 L41 _wDEWEY _c1 _i12726 _lCCODEBUL1 _mBUL _p00.00 _r0 _sY _tBOOK _u2015-06-25 _xBIBLIOTECA _zUNKNOWN _0COMPRA _o.STAFF. Colección General |
||
| 596 | _a1 | ||
| 999 |
_a238 L41 _wDEWEY _c43336 _i12726 _f2021-11-11 _g5 _lCCODEBUL1 _mBUL _r0 _sY _tBOOK _u2015-6-25 _xTEOLOGIA _zUNKNOWN _0COMPRA _o.STAFF. Colección General _d43336 |
||
| 980 |
_81 _gALBERTO SANCHEZ Responsable de Automatización |
||